Дело о выкупе земельных наделов временнообязанными крестьянами М. К. Пржездзецкой имения Ракишки Новоалександровского уезда Кове...

RUSMARC
00005897cbc2a2200000#x 450
001d7ef4588-04c9-4d6a-914c-c3219087d893
00520251105150852.0
100##$a20141212l18891889k l0rusy0189 ca
1010#$arus
102##$aRU
2001#$aДело о выкупе земельных наделов временнообязанными крестьянами М. К. Пржездзецкой имения Ракишки Новоалександровского уезда Ковенской губернии
$j20 июня - 25 сентября 1889 года
251##$cДело
300##$aПечатный и рукописный текст
300##$aОригинальный заголовок дела: Дело Пржездзецкой М. К. Ковенской губернии Новоалександровского уезда имения Ракишки. 20 июня 1889 г. - 25 сентября 1889 г.
300##$aЗаголовок дела также: Дело Пржездзецкой М. К. имения Ракишки. 20 июня 1889 г. - 25 сентября 1889 г.
801#0$aRU
$bРГИА
$c20141212
801#1$aRU
$bГлавНИВЦ
$c20141212
$2rusmarc
801#2$aRU
$bПБ им. Б.Н. Ельцина
$c20160109
$gRCR
$2rusmarc
850##$aФедеральное казенное учреждение "Российский государственный исторический архив"
852##$aРГИА
$j954
937##$hРГИА
$d11173894
$aASBIBLIO_SCAN
462#0$1001502adf71-6cdd-4b0a-8019-ccd751bf1031
$12001
$a1861-1895 гг.
$vД. 954
$1251
$cОпись
$1852
$j15
461#0$10018ef30ad5-ff5c-4840-a721-74c62a200f95
$12001
$aГлавное выкупное учреждение Министерства финансов
$1251
$cФонд
$1852
$j577
215##$a28 листов
$d36,5х26 см
371##$aДокумент не является опубликованным и широко распространяемым
105##$ay###
1222#$ad18890620##
$ad18890925##
5171#$aДело Пржездзецкой М. К. Ковенской губернии Новоалександровского уезда имения Ракишки
$e20 июня 1889 г. - 25 сентября 1889 г.
5171#$aДело Пржездзецкой М. К. имения Ракишки
$e20 июня 1889 г. - 25 сентября 1889 г.
035##$ad7ef4588-04c9-4d6a-914c-c3219087d893
6061#$aПомещичьи крестьяне
$yКовенская губерния
$z2-я пол. 19 в.
$2prlib_sh
$3LIBNET\UAF\0000118702
$jДокументы и материалы
6061#$aСельскохозяйственные земли
$2nlr_sh
$3RU\NLR\AUTH\6601719567
$xВыкуп
$yРоссия
$jДокументы и материалы
6061#$2nlr_sh
$3RU\NLR\AUTH\6601673336
$aВыкупные платежи
$yРоссия
$jДокументы и материалы
605##$2acquisition_Prlib
$3DITM\AF\0000003834
$aНарод
$lколлекция
605##$aВласть
$lколлекция
$2acquisition_Prlib
$3DITM\AF\0000002775
686##$2rubbk
$a63.3(28-8Ков)522-06ю11
$vLBC/M
Формат отображения